Slytherin's Locket Quiz Stats

 Plays Quiz not verified by Sporcle

Support Sporcle.
Go Orange.
Score 0/28 Timer 10:00
0 Plays Today
Answer % Correct
Salazaar Slytherin
100%
Salazar Slytherin, Slytherin family, Corvinus Gaunt (possibly), Marvolo Gaunt, Merope Gaunt, Caractacus Burke, Hepzibah Smith, Tom Riddle, Regulus Black, Kreacher, Order of the Phoenix, Kreacher, Mundungus Fletcher, Dolores Umbridge, Harry Potter, Hermione Granger, Ronald Weasley
100%
A locket of heavy gold with a serpentine S in glittering green stone inlay on the front.
100%
The Locket, Master Regulus's Locket, Big Gold Locket
96.9%
Founder's Time (Late 10th Century)
96.9%
Locket, Horcrux
96.9%
A piece of jewellery originally owned by Salazar Slytherin that became an heirloom of his family
96.9%
Marvolo Gaunt
96.9%
So that only someone who spoke Parseltongue could open it.
96.9%
Helga Hufflepuff's Cup, Salazaar Slytherin's Locket
96.9%
Her House-Elf, Hokey
96.9%
In a seaside cave he had visited as a child
96.9%
First, the cave could not be Apparated into or Disapparated out from; second, an unmarked door that could only be opened with the payment of blood wiped upon the cave walls; third, an Inferi-infested lake; fourth, an invisible rowboat that would transport only one wizard at a time safely across the lake; fifth, a stone basin filled with a green potion that could not be parted, vanished, transfigured, or otherwise made to change its properties.
96.9%
Kreacher
96.9%
Answer % Correct
Regulus Arcturus Black
96.9%
Mundungus Fletcher
96.9%
Dolores Umbridge
96.9%
Harry Potter and Albus Dumbledore
96.9%
After the Trio broke into the Black Family Vault in search of Helga Hufflepuff's cup
96.9%
Muggle Tramp
93.8%
A ring inherited from the Peverell Family
93.8%
Merope Gaunt
93.8%
Hepzibah Smith
93.8%
September 2
93.8%
Ronald Weasley
93.8%
Borgin and Burkes
90.6%
Harry Potter
90.6%
The safety of Number 12 Grimmauld Place
90.6%

You're not logged in!

Compare scores with friends on all Sporcle quizzes.
OR
Log In

From the Vault

Click the US Presidents by Picture (Random Minefield)

by El_Dandy

Despite his two non-consecutive terms, we're only making you click Cleveland once.
Remove Ads.
Support Sporcle.
Get the best of Sporcle when you Go Orange. This ad-free experience offers more features, more stats, and more fun while also helping to support Sporcle. Thank you for becoming a member.

Show Comments

Extras

Created Feb 12, 2018ReportNominate
Tags:Slytherin

Top Quizzes Today


Score Distribution

Your Account Isn't Verified!

In order to create a playlist on Sporcle, you need to verify the email address you used during registration. Go to your Sporcle Settings to finish the process.

Report this User

Report this user for behavior that violates our Community Guidelines.

Details: